| 000 | 00612nam a2200145Ia 4500 | ||
|---|---|---|---|
| 008 | 170221s9999 xx 000 0 und d | ||
| 100 | _aAleksander S. Drovnikov | ||
| 245 | _aHigher School Teachers Training Model Features | ||
| 245 | _cAleksander S. Drovnikov, Alfiya R. Vazieva, Nailya G. Khakimova, Svetlana M. Konyushenko, Azat S. Valeyev, Elvira V. Maksimova, Alfiya M. Ishmuradova, Elmira R. Khairullina | ||
| 260 | _bInternational Review of Management and Marketing | ||
| 260 | _c2016 | ||
| 300 | _a15 : 5 | ||
| 650 | _xMarketing. | ||
| 856 | _uhttp://www.econjournals.com/index.php/irmm/issue/view/71 | ||
| 999 |
_c312068 _d312068 |
||